EUROWELDING Nitra - budúcnosť Slovenska je v strojárstve

Podrobná bibliografia
Médium: Článok
Jazyk:slovenčina
Fyzický popis:Fotogr.
ISSN:1336-5045
Predmet:

MARC

LEADER 00000nab a2200000 a 4500
001 vtls008853737
003 SK-MaSNL
005 20260304235659.0
008 250505c2006 xo |||||||||||000 b|slo
015 |a SNBRB2006/10  |2 snkbucl 
035 |a (uuid)74599f49-43b9-48a9-b2b5-5d20fc4e5f16 
035 |a urn:nbn:sk:snk-ab9v7d 
035 |a (urnnbn)urn:nbn:sk:snk:ar-a08xrm 
038 |a SNKBUCL 
040 |a SNKBUCL  |b slo  |c SNKBUCL  |e AACR2 
041 0 |a slo 
044 |a xo  |c SK 
080 |a 621+621.791:339.174  |2 1997 
080 |a 621.791:339.174  |2 1997 
245 0 0 |a EUROWELDING Nitra - budúcnosť Slovenska je v strojárstve  |c -redakcia- 
300 |b Fotogr. 
611 2 7 |a Medzinárodný strojársky veľtrh  |n (13. :  |d 2006 :  |c Nitra, Slovensko)  |2 snkbucl  |9 1573464 
611 2 7 |a EUROWELDING  |n (12. :  |d 2006 :  |c Nitra, Slovensko)  |2 snkbucl  |9 1573465 
650 0 7 |a strojárstvo  |2 snkbucl  |9 674 
650 0 7 |a zváranie  |2 snkbucl  |9 1839 
651 7 |a Nitra (Slovensko)  |2 snkbucl  |9 15714 
773 0 |t Zvárač  |g Roč. III, č. 3 (2006), s. 56  |x 1336-5045 
850 |a Slovenská národná knižnica 
852 |a Slovenská národná knižnica 
954 |a odborná, vedecká literatúra pôvodná (slovenská)  |2 lita 
958 |a article13 
958 |a OND 
958 |a SK 
958 |a EUIPO 
999 |c 3209954  |d 3211884